Normal view MARC view
  • Puebla

Entry Nombre Geográfico

Number of records used in: 1

001 - NÚMERO DE CONTROL

  • campo de control: 46014

003 - IDENTIFICADOR DE NUMERO DE CONTROL

  • campo de control: UPN

005 - FECHA Y HORA DE LA ÜLTIMA TRANSACCIÓN

  • campo de control: 20220901111933.0

008 - DATOS DE LONGITUD FIJA

  • campo de control de longitud fija: 220901|| aca||aabn | a|a d

040 ## - FUENTE DE CATALOGACIÓN

  • Agencia de catalogación original: UPN

151 ## - ENCABEZAMIENTO - NOMBRE GEOGRÁFICO

  • Nombre geográfico: Puebla
  • Subdivisión general : Construcciones, estructuras, etc.

670 ## - FUENTE EN LA QUE SE LOCALIZARON DATOS

  • Cita de la fuente: DGB/UNAM, 1 septiembre 2022:
  • Información localizada: catálogo electrónico (Puebla -- Construcciones, estructuras, etc.)